50 cidades mais populosas da região Nordeste do Brasil - Statistics

Estatísticas Gerais
  • Esse quiz foi jogado 378 vezes
  • A pontuação média é 31 de 50
Estatísticas das Respostas
Estado Habitantes Cidade % Correto
CE 2 551 805 Fortaleza
99%
RN 853 929 Natal
99%
PE 1 599 514 Recife
99%
BA 2 883 672 Salvador
99%
PB 769 604 João Pessoa
98%
AL 996 736 Maceió
98%
MA 1 053 919 São Luís
98%
PI 836 474 Teresina
98%
SE 614 577 Aracaju
96%
PB 400 002 Campina Grande
90%
BA 606 139 Feira de Santana
89%
BA 214 748 Juazeiro
89%
PE 388 127 Olinda
86%
PE 675 599 Jaboatão dos Guararapes
81%
PE 337 416 Caruaru
80%
MA 251 468 Imperatriz
80%
RN 280 314 Mossoró
80%
PE 319 893 Petrolina
80%
BA 184 616 Ilhéus
78%
CE 197 663 Sobral
74%
CE 261 289 Juazeiro do Norte
73%
BA 336 734 Vitória da Conquista
72%
AL 227 640 Arapiraca
70%
BA 141 006 Porto Seguro
65%
BA 275 575 Camaçari
63%
BA 218 124 Itabuna
63%
CE 344 936 Caucaia
61%
CE 126 591 Crato
59%
PE 316 714 Paulista
55%
RN 229 414 Parnamirim
53%
PI 148 832 Parnaíba
51%
BA 184 383 Lauro de Freitas
48%
BA 150 896 Barreiras
47%
PE 135 138 Garanhuns
47%
CE 217 922 Maracanaú
43%
PE 196 152 Cabo de Santo Agostinho
40%
BA 153 385 Teixeira de Freitas
39%
BA 152 570 Alagoinhas
37%
BA 161 391 Jequié
36%
MA 159 396 Caxias
35%
SE 172 547 Nossa Senhora do Socorro
35%
MA 161 721 Timon
35%
MA 170 423 São José de Ribamar
34%
MA 119 641 Codó
33%
PE 133 907 Vitória de Santo Antão
32%
PB 125 278 Santa Rita
31%
CE 122 220 Itapipoca
30%
PE 151 587 Camaragibe
28%
CE 120 405 Maranguape
26%
BA 129 964 Simões Filho
22%
Nenhum quiz correspondente encontrado
Distribuição das Pontuações
Porcentagem de Pessoas com Cada Pontuação
Percentil de Números Respondidos
Sua Pontuação Histórica
Você não jogou esse quiz